000 00995nam0a2200253 4500
001 RU\NLR\BIBL_A\011810091
005 20260628175354.0
035 _a(NLR Aleph) 011810091
090 _a13740356
_c13740356
100 _a20181004d1960 c y0rusy50 ca
101 0 _agag
102 _aMD
105 _aa j 000 y
200 1 _aАна дили
_e2-жи класс ичин
_fН. Г. Танасоглу
210 _aКишинев
_cКартя молдовеняскэ
_d1960
215 _a266,[1] с.
_cил.
_d23
541 1 _aРодная речь
_zrus
_eкнига для чтения во 2 кл. гагауз. шк.
606 1 _aГагаузский язык
_jКниги для чтения
_92222280
_3RU\NLR\AUTH\661334338
686 1 _aШ163.15-94
700 1 _aТанасогло
_bН. Г.
_f1895-1970
_gНиколай Георгиевич
_4070
852 _aNLR
_bОНЛ
_jГагауз./3-11
942 _cBOOK
980 _aNB